000 00726nam a22002657a 4500
001 124790
003 UA-OsUOA
005 20220419214509.0
007 ta
008 20170828b un ||||| |||| 00| 0 ukr d
020 _a9660000529
040 _aUA-OsUOA
_bukr
_cUA-OsUOA
_dUA-OsUOA
041 _aukr
080 _a821.161.2
090 _a821.161.2
_bЛ48
100 _aЛепкий Б. С.
245 _aТвори в двох томах
260 _aК.
_bНаукова думка
_c1991
300 _a693 с.
505 _gТ. 2
_tПрозові твори
650 7 _a821 Художня література
_2UDC
942 _cBK
_2udc
955 _a3
999 _c411965
_d411965